<?xml version="1.0" encoding="UTF-8"?>
<record
    xmlns:xsi="http://www.w3.org/2001/XMLSchema-instance"
    xsi:schemaLocation="http://www.loc.gov/MARC21/slim http://www.loc.gov/standards/marcxml/schema/MARC21slim.xsd"
    xmlns="http://www.loc.gov/MARC21/slim">

  <leader>01431nam a2200181 a 4500</leader>
  <controlfield tag="001">1074</controlfield>
  <controlfield tag="003">CO-ViMGA</controlfield>
  <controlfield tag="008">141112s2004    ck      r     000 u spa d</controlfield>
  <datafield tag="040" ind1=" " ind2=" ">
    <subfield code="a">CO-ViMGA</subfield>
    <subfield code="b">spa</subfield>
    <subfield code="c">CO-ViMGA</subfield>
  </datafield>
  <datafield tag="082" ind1="0" ind2="4">
    <subfield code="a">R612.6 E54</subfield>
  </datafield>
  <datafield tag="245" ind1="1" ind2="0">
    <subfield code="a">Enciclopedia del sexo y de la educaci&#xF3;n sexual</subfield>
  </datafield>
  <datafield tag="260" ind1=" " ind2=" ">
    <subfield code="a">Santaf&#xE9; de Bogot&#xE1; : </subfield>
    <subfield code="b">Zamora, </subfield>
    <subfield code="c">1996</subfield>
  </datafield>
  <datafield tag="300" ind1=" " ind2=" ">
    <subfield code="a">5 v : il</subfield>
  </datafield>
  <datafield tag="500" ind1=" " ind2=" ">
    <subfield code="a">Material acompa&#xF1;ante un video.  </subfield>
  </datafield>
  <datafield tag="505" ind1=" " ind2=" ">
    <subfield code="a">Conceptos generales en sexualidad humana V. 1 - - Historia de la sexualidad V.1 - - Sexo y culturas V.1 - - Desarrollo psicosexual V.1 - - Adolescencia V.1 - - El mapa er&#xF3;geno V. 2 - - Anatom&#xED;a y fisiolog&#xED;a sexual V.2 - - Respuesta sexual humana V.2 - - Sexo en la madurez y vejez V. 2 - - La reproducci&#xF3;n humana V. 2 - - V. 2 - - infertilidad V. 2 - - Disfunci&#xF3;n sexual V.3 - - Las disfunciones sexuales masculinas V. 3 - - Las disfunciones sexuales femeninas V. 3 - - Sexualidad y salud V. 3 - - Sexualidad y enfermedad V. 3 - - El amor y la pareja V.3 - - Disfunci&#xF3;n y terapia de pareja V. 3 - - Aborto V.4 - - Sexo y familia V. 4 - - Enriquecimiento de la vida sexual V. 4 - - Conductas sexuales variables V. 4 - - Identidad y orientaci&#xF3;n sexual V. 4 - - Enfermedades sexualmente transmisibles V. 4 - - Aspectos sociales de la sexualidad V. 4 - - Erografia - pornografica V.5 - - El desnudo, Violaci&#xF3;n, incesto V.5  </subfield>
  </datafield>
  <datafield tag="650" ind1="1" ind2="4">
    <subfield code="a">educaci&#xF3;n SEXUAL - ENCICLOPEDIA</subfield>
    <subfield code="9">6171</subfield>
  </datafield>
  <datafield tag="942" ind1=" " ind2=" ">
    <subfield code="2">ddc</subfield>
    <subfield code="c">BK</subfield>
  </datafield>
  <datafield tag="999" ind1=" " ind2=" ">
    <subfield code="c">13298</subfield>
    <subfield code="d">13298</subfield>
  </datafield>
</record>
